| 000 | 00755 a2200205 4500 | ||
|---|---|---|---|
| 003 | Nust | ||
| 005 | 20221117181950.0 | ||
| 010 | _a 75319752 | ||
| 020 | _a0713132795 : | ||
| 040 | _cNust | ||
| 082 | 0 | 0 | _a621.380283,CON |
| 100 | 1 |
_aConnor, F. R. _941478 |
|
| 245 | 1 | 0 |
_aAntennas / _c[by] F. R. Connor. |
| 260 |
_aLondon : _bEdward Arnold, _c1972. |
||
| 300 |
_a[7], 99 p. : _bill. ; _c22 cm. |
||
| 490 | 0 | _aHis Introductory topics in electronics and telecommunication | |
| 505 | _aIntroduction (Page-1),Elementary Antennas (Page-60), Vertical and Horizontal Antennas (Page-20), Antenna Arrays (Page-36), Microwave Antennas (Page-51), Electromagnetic Waves (Page-66), Appendices (Page-89). | ||
| 650 | 0 | _aAntennas (Electronics) | |
| 942 |
_2ddc _cBK |
||
| 999 |
_c194214 _d194214 |
||